European insurance law <a> single insurance market?

Saved in:
Bibliographic Details
Main Author: Nemeth, Kristin
Format: Book
Language:English
Published: San Domenico (FI) European University Institute 2001
Series:EUI Working paper LAW No. 2001/4
Subjects:
Tags: Add Tag
No Tags, Be the first to tag this record!

MARC

LEADER 00000nam a2200000 4500
001 c132607
005 20221124104503.3
041 0 |a eng 
044 |a IT 
245 1 0 |a European insurance law  |b <a> single insurance market?  |c Kristin Nemeth 
264 1 |a San Domenico (FI)  |b European University Institute  |c 2001 
300 |a 94 s. 
490 1 |a EUI Working paper LAW  |v No. 2001/4 
830 0 |a EUI Working paper LAW  |v No. 2001/4 
610 2 0 |a poistenie 
610 2 0 |a zákony 
610 2 0 |a legislatíva 
610 2 0 |a trh poistný 
610 2 0 |a vývoj 
610 2 0 |a poisťovníctvo 
610 2 0 |a porovnanie medzinárodné 
610 2 0 |a Európa 
100 1 |a Nemeth, Kristin